Fifty funeral homilies. (Record no. 8722)

000 -LEADER
fixed length control field 00572nam a2200193 a 4500
001 - CONTROL NUMBER
control field :::00006500$&:&@@
003 - CONTROL NUMBER IDENTIFIER
control field OkBaRHE
005 - DATE AND TIME OF LATEST TRANSACTION
control field 20000607103331.0
008 - FIXED-LENGTH DATA ELEMENTS--GENERAL INFORMATION
fixed length control field s1984 j 000 0 eng u
040 ## - CATALOGING SOURCE
Transcribing agency
100 1# - MAIN ENTRY--PERSONAL NAME
Personal name Doyle, Charles Hugo.
245 10 - TITLE STATEMENT
Title Fifty funeral homilies.
260 ## - PUBLICATION, DISTRIBUTION, ETC. (IMPRINT)
Place of publication, distribution, etc Westminster, MD., :
Name of publisher, distributor, etc Christian Classics, Inc.
Date of publication, distribution, etc c1984
300 ## - PHYSICAL DESCRIPTION
Extent 1010 p. ;
Dimensions 23 cm.
650 ## - SUBJECT ADDED ENTRY--TOPICAL TERM
Topical term or geographic name as entry element Funeral Sermons
650 ## - SUBJECT ADDED ENTRY--TOPICAL TERM
Topical term or geographic name as entry element Funeral Service
942 ## - ADDED ENTRY ELEMENTS (KOHA)
Source of classification or shelving scheme
Koha item type Books
Copies
Price effective from Date acquired Copy number Not for loan Damaged status Full call number Source of classification or shelving scheme Barcode Date last seen Permanent Location Koha item type Lost status Shelving location Withdrawn status
2010-04-142010-04-141  BV 199 .D6 65002010-04-14RHEMA Bible Training CollegeBooks General Stacks